| 000 | 01850nam a2200325 i 4500 | ||
|---|---|---|---|
| 001 | 000021142 | ||
| 003 | DO-SdBNP | ||
| 005 | 20241001131229.0 | ||
| 007 | ta | ||
| 008 | 100901s1978 dr ac r 001 0 spa d | ||
| 040 |
_aDO-SdBNP _bspa _cBNPHU _erda |
||
| 082 | 4 |
_a635.22 _bA312e _222 |
|
| 245 | 0 | 3 |
_aEl aje : _bun enigma descifrado / _cedición, José Chez Checo. |
| 250 | _aPrimera edición | ||
| 264 | 4 |
_aSanto Domingo : _bEdiciones Museo del Hombre Dominicano, _c1978. |
|
| 300 |
_a121 páginas : _bilustraciones, retratos ; _c21 cm. |
||
| 336 |
_atexto _btxt _2rdacontent |
||
| 337 |
_asin mediación _bn _2rdamedia |
||
| 338 |
_avolumen _bnc _2rdacarrier |
||
| 490 | 0 |
_aMesas Redondas ; _v1 |
|
| 500 | _aIncluye referencias bibliográficas y notas al pie de páginas. | ||
| 505 | 0 |
_aIntroducción / _rBernardo Vega -- _tPrograma de la Mesa Redonda -- _tPresentación de la Mesa Redonda -- _tPresentación de los cultivos en disquisición y otros afines / _rHernán Olmos -- _tEl aje y la batata, un mismo alimento indoantillano / _rManuel de Jesús Mañón Arredondo -- _tSobre Ajes y Batatas / _rMarcio Veloz Maggiolo -- _tPalabras del Prof. Eugenio de Js. Marcano -- _tPalabras del Dr. Alain H. Liogier -- _tPalabras del P. Julio Cicero, S.J. -- _tInterpretación palinológica / _rLuis Fortuna -- _gApéndices: _tDisquisición Crítico-Histórica sobre el Aje y las Batatas de Cuba / _rAntonio Bachiller y Morales -- _tEl enigma del Aje / _rPedro Henríquez Ureña -- _tBibliografía sobre el Aje / _rJosé Chez Checo. |
|
| 590 | _aInventariado, 2024/BT | ||
| 650 | 4 |
_aBatatas _xVariedades _918671 |
|
| 650 | 4 |
_aAgricultura indígena _xInvestigaciones _944208 |
|
| 650 | 4 |
_aAlimentos indígenas _xEnsayos, conferencias, etc. _944209 |
|
| 700 | 1 |
_aChez Checo, José, _eedición _4ed. _980381 |
|
| 910 | _aValidado. Control de calidad. EMS | ||
| 942 |
_2ddc _cLBS1 |
||
| 999 |
_c20644 _d20644 |
||